LEADER 01781nam2 2200457 450 001 000021621 005 20081002114306.0 100 $a20080605d1964----km-y0itaa50------ba 101 0 $aita 102 $aIT 200 1 $a<> mondo creato$a<> rogo amoroso$aGenealogia della serenissima casa Gonzaga$a<> lagrime della beata Vergine$a<> lagrime di Cristo$aDialoghi$fTorquato Tasso 210 $aMilano$cRizzoli$d1964 215 $a944 p., [4] c. di tav.$cill., 1 ritr.$d20 cm. 225 2 $a<> Classici Rizzoli 410 1$12001$a<> Classici Rizzoli 423 1$a<> rogo amoroso 423 1$aGenealogia della serenissima casa Gonzaga 423 1$a<> lagrime della beata Vergine 423 1$a<> lagrime di Cristo 423 1$aDialoghi 461 1$1001000021619$12001$aOpere$v4. 516 1 $aOpere varie ; Dialoghi 676 $a851.4$v(21. ed.)$9Poesia italiana. 1542-1585 700 1$aTasso,$bTorquato$f<1544-1595>$0158668 801 0$aIT$bUniversità della Basilicata - B.I.A.$gRICA$2unimarc 912 $a000021621 996 $aDialoghi$988477 996 $aRogo amoroso$988796 996 $aGenealogia della serenissima casa Gonzaga$988797 996 $aLagrime di Cristo$988799 996 $aLagrime della beata Vergine$988798 996 $aMondo creato$988795 997 $aUNIBAS BAS $aLETTERE CAT $aSTD062$b01$c20080605$lBAS01$h1647 CAT $aSTD062$b01$c20080704$lBAS01$h1037 CAT $aTTM$b30$c20080930$lBAS01$h1306 CAT $aTTM$b30$c20081002$lBAS01$h1104 CAT $aTTM$b30$c20081002$lBAS01$h1143 FMT Z30 -1$lBAS01$LBAS01$mBOOK$1BASA1$APolo Storico-Umanistico$2GEN$BCollezione generale$3FP/94884 10B$694884$5L94884$820080605$f02$FPrestabile Generale$hvol. 4. LEADER 00995nam2-22003371i-450 001 990005405610203316 005 20190923115438.0 035 $a000540561 035 $aUSA01000540561 035 $a(ALEPH)000540561USA01 100 $a20010829d1986----km y1itay5003----ba 101 0 $aeng 102 $aNL 200 1 $a<<1.: >> Regional economics$fedited by Peter Nijkamp 210 $aAmsterdam$cNorth Holland$d1986 215 $d702 p.$cgrafici$d24 cm 225 2 $aHandbooks in economics$v7 410 1$12001$aHandbooks in economics$v7 461 1$1001000540047$12001$aHandbook of regional and urban economics$v1 606 0 $aGeografia economica$2BNCF 676 $a330.9 702 1$aNIJKAMP,$bPeter 801 0$aIT$bSOL$c20120104 912 $a990005405610203316 951 $a300 330.9 HAN$b1574 DISES 951 $a300 330.9 HAN$b5529 DISES 951 $a300 330.9 HAN$b3057 DISES 959 $aBK 969 $aDISES 996 $aRegional Economics$9452750 997 $aUNISA LEADER 02276nam 2200673 450 001 9910460852903321 005 20200520144314.0 010 $a1-118-84827-6 035 $a(CKB)3710000000539115 035 $a(EBL)4205801 035 $a(SSID)ssj0001591215 035 $a(PQKBManifestationID)16287206 035 $a(PQKBTitleCode)TC0001591215 035 $a(PQKBWorkID)14880896 035 $a(PQKB)11244829 035 $a(PQKBManifestationID)16294645 035 $a(PQKB)21652475 035 $a(MiAaPQ)EBC4205801 035 $a(DLC) 2015032211 035 $a(JP-MeL)3000065522 035 $a(Au-PeEL)EBL4205801 035 $a(CaPaEBR)ebr11148381 035 $a(CaONFJC)MIL881838 035 $a(OCoLC)935251593 035 $a(EXLCZ)993710000000539115 100 $a20160205h20162016 uy 0 101 0 $aeng 135 $aur|n|---||||| 181 $ctxt 182 $cc 183 $acr 200 14$aThe Cold War $ea post-Cold War history /$fRalph B. Levering 205 $aThird edition. 210 1$aWest Sussex, England :$cWiley Blackwell,$d2016. 210 4$d©2016 215 $a1 online resource (295 p.) 225 1 $aAmerican History Series 300 $aDescription based upon print version of record. 311 $a1-118-84840-3 320 $aIncludes bibliographical references and index. 327 $aPrologue: uneasy allies, 1941-1945 -- Downward spiral during the Truman-Stalin years, 1945-1953 -- The institutionalized Cold War, 1953-1962 -- The shift toward relative detente, 1963-1972 -- The roller-coaster years, 1973-1984 -- Epilogue: the Cold War ends, 1985-1991. 410 0$aAmerican history series (Arlington Heights, Ill.) 606 $aCold War 606 $aWorld politics$y1945-1989 607 $aUnited States$xForeign relations$y1945-1989 607 $aUnited States$xForeign relations$y1989- 607 $aUnited States$xForeign relations$y1933-1945 608 $aElectronic books. 615 0$aCold War. 615 0$aWorld politics 676 $a327.73009/04 700 $aLevering$b Ralph B.$0626404 801 0$bMiAaPQ 801 1$bMiAaPQ 801 2$bMiAaPQ 906 $aBOOK 912 $a9910460852903321 996 $aThe Cold War$92128815 997 $aUNINA LEADER 01097nam0-2200325---450 001 990005625200203316 005 20221102090157.0 035 $a000562520 035 $aUSA01000562520 035 $a(ALEPH)000562520USA01 035 $a000562520 100 $a20020513d1992----|||y0itaa50------ba 101 $afre 102 $aFR 105 $a0 00||| 200 1 $aDiscours sur la religion et sur quelques autres sujets qui ont été trouvés après sa mort parmi ses papiers$f[par Blaise Pascal]$grestitués et publiés par Emmanuel Martineau 210 $aParis ; Armand Colin$cFayard$d1992 215 $a286 p.$d32 cm 620 $dPARIS 676 $a273.7 700 1$aPASCAL,$bBlaise$028760 702 1$aMARTINEAU,$bEmmanuel 801 0$aIT$bSA$c20111219 912 $a990005625200203316 950 0$aDipar.to di Filosofia - Salerno$dDFAA 273.7 PAS$e3949 FIL 951 $aAA 273.7 PAS$b3949 FIL 959 $aBK 969 $aFIL 996 $aDiscours sur la religion et sur quelques autres sujets qui ont été trouvés après sa mort parmi ses papiers$91134379 997 $aUNISA LEADER 03906nam 2200517 450 001 9910795295703321 005 20230624092206.0 010 $a3-8467-5864-7 024 7 $a10.30965/9783846758649 035 $a(CKB)4920000000125825 035 $z(OCoLC)921318104 035 $a(nllekb)BRILL9783846758649 035 $a(MiAaPQ)EBC6514224 035 $a(Au-PeEL)EBL6514224 035 $a(OCoLC)1243554817 035 $a(EXLCZ)994920000000125825 100 $a20230624d2015 uy 0 101 0 $ager 135 $aurun| uuuua 181 $ctxt$2rdacontent 182 $cn$2rdamedia 183 $2rdacarrier 200 00$aBarocktheater als spektakel $emaschine, blick und bewegung auf der opernbu?hne des Ancien Re?gime /$fedited by Nicola Gess, Tina Hartmann, and Dominika Hens 210 1$aPaderborn, Germany :$cWilhelm Fink GmbH & Co. Verlags-KG,$d[2015] 210 4$d©2015 215 $a1 online resource 225 1 $aEikones 311 $a3-7705-5864-2 327 $aPreliminary Material /$rNicola Gess , Tina Hartmann and Dominika Hens -- Barocktheater als Spektakel. Eine Einführung /$rNicola Gess and Tina Hartmann -- Illusionsgrenzen ? Grenzen der Illusion. Bühnenbilder, machines und ihre Rezeption im Rahmen der höfischen Feste Louis? XIV und der Académie royale de musique /$rChristian Quaeitzsch -- Solare Orientierung. Heliotropismus in Tragödie und Tragédie en musique /$rJuliane Vogel -- Hören und Sehen von Bewegungen im Spannungsfeld von einer historischen Wirkungsästhetik und zeitgenössischen Inszenierungspraxis: Jean-Philippe Rameaus Tragédies lyriques als choreografische Herausforderung /$rStephanie Schroedter -- »Je croyois qu?on venoit au Spectacle pour l?entendre«. Das französische Musiktheater um die Mitte des 18. Jahrhunderts, die Konkurrenz zwischen Sehen und Hören und die Eroberung des Raums durch die Musik /$rDörte Schmidt -- Vom Wahnsinn des Sehens in geschlossenen Räumen. Raumdebatten und Szenografie im 17. Jahrhundert /$rUlrike Haß -- Körperlose Stimmen. Herrschaftsdiskurse in Rameaus Zoroastre /$rAnnette Kappeler -- Rückkehr der Visualität? Perspektiven auf das Dresdner Opernjahr 1756 /$rChristine Fischer -- Spektakuläre Wendungen. Zum Umgang mit dem Fremden in Barockoper und Grand opéra. Die Stuttgarter Inszenierungen von Alcina und La Juive durch Sergio Morabito und Jossi Wieler /$rGünther Heeg -- Choreografieoper? Bewegung und Bedeutung in Glucks Orpheus und Eurydike von Pina Bausch /$rDavid Levin -- Autorinnen und Autoren /$rNicola Gess , Tina Hartmann and Dominika Hens. 330 $aDie Opernbühne des Ancien Régime gehorcht dem Paradigma des Spektakels. Sie will Schaulust und Staunen hervorrufen und zielt auf die Konstitution und Repräsentation von Herrschaft. Der visuellen Überwältigungsrhetorik der Gegenreformation und des absolutistischen Hofes steht sie in nichts nach; sie ist Bestandteil von deren machtpolitischen Strategien. Zugleich bewirkt die spektakuläre Visualität eine Destabilisierung des dem Barock zugeschriebenen »Imperialismus des Bildes« und seiner visuellen Ordnungen. Die französische Barockoper hat in Bezug auf diese Ordnungen stark desorientierende und verwirrende Implikationen. Aus interdisziplinären Blickwinkeln werden die historische Dimension der Praktiken des Spektakulären sowie Fragen der gegenwärtigen Aufführungspraxis erörtert. 410 0$aEikones. 606 $aMusical theater 606 $aOpera$xProduction and direction 615 0$aMusical theater. 615 0$aOpera$xProduction and direction. 676 $a792.09032 702 $aGess$b Nicola$f1973- 702 $aHartmann$b Tina 702 $aHens$b Dominika 801 0$bMiAaPQ 801 1$bMiAaPQ 801 2$bMiAaPQ 906 $aBOOK 912 $a9910795295703321 996 $aBarocktheater als spektakel$93809889 997 $aUNINA